000 00354nam a2200133Ia 4500
008 240624s9999 xx 000 0 und d
041 _aeng
082 _a200 KER
100 _aKERSTEN HOLGER
245 _aJESUS LIVED IN INDIA HIS UNKNOWN LIFE BE
260 _c2001
_aNew Delhi
_bPenguin Books
300 _aviii, : 264 : p. : cm. ; 21
365 _cRS
_b30
999 _c12530
_d12530